| 000 | 03303nam a2200349 a 4500 | ||
|---|---|---|---|
| 003 | OSt | ||
| 005 | 20250617143306.0 | ||
| 007 | cr ||||||a|a|a | ||
| 008 | 250616s2025 mx a|||fom||| 001 0 spa d | ||
| 040 | _erda | ||
| 100 | 1 |
_aHernandez Romero, Camelia _9190476 |
|
| 245 | 1 | 0 |
_aNiveles de pH de sal potásica de ácido indolbutírico en el enraizamiento de aguacate (Persea americana Mill)/ _cpor Camelia Hernández Romero; director de tesis Alejandro Facundo Barrientos Priego; secretario Claudia Reyes Quiroz; vocal Roberto Rivera del Río; suplente Carlos de Jesús Morales Becerril; suplente Mercedes Martínez Villagómez. |
| 264 | 1 |
_aChapingo, México : _bEl autor, _c2024. |
|
| 300 |
_a1 recurso en línea (51 páginas): _bcuadros, figuras. |
||
| 336 |
_2rdacontent _atexto _btxt |
||
| 337 |
_2rdamedia _acomputadora _bc |
||
| 338 |
_2rdacarrier _arecurso en línea _bcr |
||
| 502 |
_bIAEF _cFitotecnia _d2024. _gLIC |
||
| 504 | _aIncluye referencias bibliográficas: páginas 43-51. | ||
| 520 | _aPara obtener portainjertos de aguacate (Persea americana Mill.) que se adapten a diversas condiciones edafoclimáticas y garanticen una buena producción de variedades comerciales, es necesario realizar clonación para preservar características deseables y asegurar una plantación homogénea con adecuada calidad de raíz y densidades más altas. La clonación se realiza generalmente mediante acodos, utilizando la técnica de etiolación de brotes, donde se induce el crecimiento de raíces adventicias mediante el lesionado cercano a la base y la aplicación de auxinas exógenas. Phytophthora cinnamomi es el patógeno responsable de la enfermedad más significativa en aguacates, por lo que se han buscado portainjertos resistentes o tolerantes como alternativa. El portainjerto Duke 7 ha mostrado tolerancia a este patógeno y fue seleccionado para esta investigación. El objetivo de este estudio fue evaluar el efecto de tres niveles de pH (4, 7 y 10) de auxinas en el enraizamiento de acodos de aguacate. Se evaluaron las siguientes variables: porcentaje de enraizamiento, número de raíces, longitud de raíces, longitud de acodo e índice de calidad de raíces. No se encontraron diferencias significativas en el porcentaje de enraizamiento entre los tratamientos. Sin embargo, el número de raíces y el índice de calidad de raíces fueron superiores en el tratamiento con pH 7. Las longitudes de raíces y acodos fueron similares en todos los niveles de pH. Por lo tanto, el pH de las auxinas influyó en la formación y desarrollo de raíces adventicias en acodos del portainjerto Duke 7. | ||
| 650 | 4 |
_aPotasio _xEfecto en aguacate _991085 |
|
| 650 | 4 |
_aAguacate _xResistencia a enfermedades _9190682 |
|
| 650 | 4 |
_aAguacate _xMejoramiento _92533 |
|
| 650 | 4 |
_aAguacate _xRendimiento _92553 |
|
| 700 | 1 |
_aBarrientos Pliego, Alejandro Facundo _edirector de tesis _9190669 |
|
| 700 | 1 |
_aReyes Quiroz, Claudia _9132439 _esecretario. |
|
| 700 | 0 |
_aRivera del Río, Roberto _997628 _evocal. |
|
| 700 | 1 |
_aMorales Becerril, Carlos de Jesús _9137052 _esuplente. |
|
| 700 | 1 |
_aMartínez Villagómez, Mercedes _esuplente. _9127511 |
|
| 856 |
_uhttp://10.13.5.2/tesis/tl/1611133-1_HERNANDEZ_ROMERO_CAMELIA.pdf _zDESCARGAR PDF |
||
| 942 |
_2Clasificación Universidad Autónoma Chapingo _cTD |
||
| 999 |
_c220625 _d220625 |
||